| Tag |
First Indicator |
Second Indicator |
Subfields |
| LEADER |
00000cam a2200000 4500 |
| 001 |
in00000040051 |
| 005 |
20151007070509.0 |
| 008 |
800530s1875 gw 00010 ger d |
| 035 |
|
|
|a (OCoLC)06372782
|
| 035 |
|
|
|9 AAE4134AM
|
| 040 |
|
|
|a TXA
|c TXA
|d UtOrBLW
|
| 049 |
|
|
|a TXAM
|c [79379]
|
| 090 |
|
|
|a QH366
|b .B38 1875
|
| 092 |
|
|
|a 575
|b B326s
|
| 100 |
1 |
|
|a Bastian, Adolf.
|
| 245 |
1 |
0 |
|a Schopfung oder entstehung ;
|b aphorismen zur entwicklung des organischen lebens /
|c von Adolf Bastian ...
|
| 264 |
|
1 |
|a Jena :
|b Hermann Costenoble,
|c 1875.
|
| 300 |
|
|
|a 340 pages
|
| 336 |
|
|
|a text
|b txt
|2 rdacontent
|
| 337 |
|
|
|a unmediated
|b n
|2 rdamedia
|
| 338 |
|
|
|a volume
|b nc
|2 rdacarrier
|
| 650 |
|
0 |
|a Evolution.
|
| 650 |
|
0 |
|a Biology.
|
| 999 |
|
|
|a MARS
|
| 999 |
f |
f |
|s 14c167dd-fbe4-3d1d-89c2-4fce17411fbf
|i 5efc9a69-8db9-3f4a-ae7a-cfe729a3b28d
|t 0
|
| 952 |
f |
f |
|p ric
|a Texas A&M University
|b Rellis Campus
|c Joint Library Facility
|d Remote Storage
|t 0
|e QH366 .B38 1875
|h Library of Congress classification
|i unmediated -- volume
|m A14800976729
|
| 998 |
f |
f |
|a QH366 .B38 1875
|t 0
|l Remote Storage
|